000 00721aas a2200229 4500
999 _c2136
_d2136
003 BR-BrBNA
005 20230317233414.0
007 ta
008 230119b bl ||||| |||| 00| 0 por d
022 _a1413-1455
035 _a000485-5
040 _aBR-BrBNA
_bPor
_cBR-BrBNA
042 _aN
044 _abl
245 _aBoletim de Pesquisa - Centro de Pesquisa Agropecuária do Meio Norte (Brazil)
260 _aTerezina-PI
_bCentro de Pesquisa Agropecuária do Meio Norte
_c1996. Data final de publicação em 1998
_eBPI
270 _aAv. Duque de Caxias, 5650 - Cx. Postal, 01 - Cep: 64006-220
310 _airregular
505 _a1996 (15); 1997 (16-17); 1998 (18-19);
909 _a56
_bSergio Santos
_c56
_dSergio Santos
942 _cCR
_2AGRIS